Hướng dẫn sử dụng Atlat địa lí Việt Nam

Khái quát về bản đồ địa lý dùng trong nhà trường. Tính hệ thống thống nhất của bản đồ dùng trong nhà trường. Hệ thống kiến thức bản đồ trong Atlat địa lý Việt Nam. Phương pháp thành lập và sử dụng bản đồ như là phương pháp dạy học tích cực. Sử dụng Atlat địa lý Việt Nam...

詳細記述

保存先:
書誌詳細
第一著者: Lâm Quang Dốc
フォーマット: 図書
言語:Vietnamese
出版事項: H. Đại học Sư phạm 2006
主題:
タグ: タグ追加
タグなし, このレコードへの初めてのタグを付けませんか!
Thư viện lưu trữ: Mạng thư viện Đại học Đà Nẵng
LEADER 01697aam a22003978a 4500
001 000008828
003 5021
005 20111111081116.0
008 111021s2006 viesd
020 |c 20000đ  |d 1000b 
041 |a vie 
082 1 4 |2 14  |a 912.597  |b LÂ-D 
084 |a Đ17(1)z7  |b H561D 
100 1 |a Lâm Quang Dốc 
245 |a Hướng dẫn sử dụng Atlat địa lí Việt Nam  |c Lâm Quang Dốc 
260 |a H.  |b Đại học Sư phạm  |c 2006 
300 |a 199tr.  |c 21cm 
504 |a Phụ lục: tr. 193-196. - Thư mục: tr. 197 
520 |a Khái quát về bản đồ địa lý dùng trong nhà trường. Tính hệ thống thống nhất của bản đồ dùng trong nhà trường. Hệ thống kiến thức bản đồ trong Atlat địa lý Việt Nam. Phương pháp thành lập và sử dụng bản đồ như là phương pháp dạy học tích cực. Sử dụng Atlat địa lý Việt Nam 
650 7 |2 Bộ TK TVQG  |a Địa lí 
650 7 |2 Bộ TK TVQG  |a Atlat 
650 7 |2 Bộ TK TVQG  |a Sử dụng 
650 7 |2 Bộ TK TVQG  |a Bản đồ 
651 7 |2 Bộ TK TVQG  |a Việt Nam 
655 7 |2 Bộ TK TVQG  |a Sách tham khảo 
910 |a Nguyễn Thị Kim Oanh  |d 21/10/2011 
OWN |a LSP 
AVA |a UDN50  |b LSP  |d 912.597 LÂ-D  |e check_holdings  |t Error 5003 Not defined in file expand_doc_bib_avail.  |h N  |k 1 
999 |a From the UDN01 
AVA |a UDN50  |b LSP  |d 912.597 LÂ-D  |e available  |t Error 5001 Not defined in file expand_doc_bib_avail.  |f 15  |g 0  |h N  |i 0  |k 1 
TYP |a Monograph 
TYP |a Printed language 
980 |a Mạng thư viện Đại học Đà Nẵng